000 00416nam a2200157 a 4500
020 _a081510717X
040 _cDLC
082 0 0 _a520 MOS 1996 A031 Or.
100 1 _aArny, Thomas.
245 1 0 _aExplorations :
_ban introduction to astronomy /
260 _aSt. Louis :
_bMosby,
_cc1996.
300 _a1 v. (various pagings):
_bcol. ill. ;
_c27 cm.
500 _a"1996 version".
650 0 _aAstronomy.
942 _cEK
999 _c11827
_d11827